Business parks review (Record no. 110029)
[ view plain ]
| 000 -LEADER | |
|---|---|
| fixed length control field | 00995cad a22002055a 4500 |
| 001 - CONTROL NUMBER | |
| control field | E148387 |
| 008 - FIXED-LENGTH DATA ELEMENTS--GENERAL INFORMATION | |
| fixed length control field | 090914s2009 xxkad f s 000 0 eng d |
| 035 ## - SYSTEM CONTROL NUMBER | |
| System control number | (Sirsi) u148387 |
| 041 0# - LANGUAGE CODE | |
| Language code of text/sound track or separate title | eng |
| 050 04 - LIBRARY OF CONGRESS CALL NUMBER | |
| Classification number | 333.33 $2 18 |
| 110 2# - MAIN ENTRY--CORPORATE NAME | |
| Corporate name or jurisdiction name as entry element | GVA Grimley |
| 9 (RLIN) | 3646 |
| 245 00 - TITLE STATEMENT | |
| Title | Business parks review |
| Remainder of title | Autumn 2009 |
| Medium | [electronic resource] |
| 260 ## - PUBLICATION, DISTRIBUTION, ETC. | |
| Place of publication, distribution, etc. | London |
| Name of publisher, distributor, etc. | GVA Grimley |
| Date of publication, distribution, etc. | 2009 |
| 490 #0 - SERIES STATEMENT | |
| Series statement | Business Parks Review |
| Volume/sequential designation | Autumn 2009 |
| 520 ## - SUMMARY, ETC. | |
| Summary, etc. | Reports that demand is still low, and availability is increasing. In H1 2009, take-up was 1.9m sq ft, a 13% increase on H2 2008, however the regional picture is very varied. National availability had risen to 13m sq ft by June 2009, an increase from 11m sq ft in June 2008. Average business park rents are expected to fall by 11.5% in 2009. |
| 651 #4 - SUBJECT ADDED ENTRY--GEOGRAPHIC NAME | |
| Geographic name | United Kingdom |
| Chronological subdivision | |
| 690 ## - LOCAL SUBJECT ADDED ENTRY--TOPICAL TERM (OCLC, RLIN) | |
| Topical term or geographic name as entry element | PROPERTY-COMMERCIAL PROPERTY-COMMERCIAL PROPERTY MARKET |
| 856 40 - ELECTRONIC LOCATION AND ACCESS | |
| Uniform Resource Identifier | <a href="https://www.gvagrimley.co.uk/">https://www.gvagrimley.co.uk/</a> |
| Public note | View the item free of charge at www.gvagrimley.co.uk... |
| 942 ## - ADDED ENTRY ELEMENTS (KOHA) | |
| Suppress in OPAC | 0 |
| Withdrawn status | Lost status | Source of classification or shelving scheme | Damaged status | Not for loan | Home library | Current library | Shelving location | Date acquired | Total Checkouts | Full call number | Barcode | Date last seen | Copy number | Price effective from | Koha item type |
|---|---|---|---|---|---|---|---|---|---|---|---|---|---|---|---|
| Dewey Decimal Classification | Virtual | Virtual | Online | 14/09/2009 | ONLINE PUBLICATION | 148387-2001 | 06/08/2019 | 1 | 06/08/2019 | Book |